| 000 | 00469nam a2200169Ia 4500 | ||
|---|---|---|---|
| 999 |
_c29796 _d29796 |
||
| 003 | OSt | ||
| 005 | 20201231113845.0 | ||
| 008 | 190216s9999||||xx |||||||||||||| ||und|| | ||
| 040 | _coclc | ||
| 082 |
_a894.812301 _bPAD/K |
||
| 100 |
_aPadmanabhan, T _97032 |
||
| 245 | 0 |
_aKalavarsham / _cT Padmanabhan |
|
| 260 |
_bH&C Books, _c2006. _aThrissur: |
||
| 300 | _a83p | ||
| 650 | _aKathakal | ||
| 942 |
_cBK _2ddc _h894.812301 _iPAD/K _k894.812301 _mPAD/K |
||